000 00572nam a2200229Ia 4500
003 OSt
005 20220918215953.0
006 a|||||r|||| 00| 0
007 ta
008 220917b |||||||| |||| 00| 0 eng d
024 _a143,738
037 _cTextual
040 _aARTS
_cARTS
_beng
041 _2eng
_aeng
082 _aY1592:1:12:2:M7, A.2
100 _aWilson John
_967377
245 0 _aIndia
260 _aNA
_bNA
_c1800
650 _aSOCIOLOGY
942 _hY1592:1:12:2:M7, A.2
_cTEXL
_2CC
999 _c266658
_d266658